Crome Yellow

Primera novela de Huxley, trata temas de romance y sátira, por su éxito llega a tener una versión estadounidense. Daniel Stone un poeta conocido de la familia Wimbush, es el protagonista de la historia, él termina siendo invitado de la familia Wimbush junto con otras personas, para formar parte de u...

Ful tanımlama

Kaydedildi:
Detaylı Bibliyografya
Yazar: Huxley, Aldous
Materyal Türü: Kitap
Dil:Undetermined
Baskı/Yayın Bilgisi: Great Britain Penguin Books 1964
Konular:
Etiketler: Etiketle
Etiket eklenmemiş, İlk siz ekleyin!

MARC

LEADER 00000nam a2200000Ia 4500
008 170316s9999 xx 000 0 und d
040 |a cru BVZT 
090 |a 820 H-17c 
100 |a Huxley, Aldous  |9 841 
245 |a Crome Yellow  |c / Aldous Huxley 
260 |a Great Britain 
260 |b Penguin Books 
260 |c 1964 
300 |a 173 páginas 
520 |a Primera novela de Huxley, trata temas de romance y sátira, por su éxito llega a tener una versión estadounidense. Daniel Stone un poeta conocido de la familia Wimbush, es el protagonista de la historia, él termina siendo invitado de la familia Wimbush junto con otras personas, para formar parte de una especie de emparejamiento, mientras todo esto sucede se van dando datos de los demás invitados, y el protagonista termina en una competencia por lograr obtener la atención y el amor de su querida Anne Wimbush.  
650 |a LITERATURA INGLESA  |9 12 
999 |c 6933  |d 6933 
942 |c 15 D  |h 820 H-17c  |2 z